000 01386 a2200217 4500
003 NUST
005 20221110121906.0
010 _a 77160679
020 _a0700223525
040 _cNust
082 0 0 _a512.1,SEL
100 1 _aSelby, Samuel M.,
_9102506
245 1 0 _aModern intermediate algebra /
_cSamuel M. Selby, William H. Beyer.
260 _aScranton,
_bIntext Educational Publishers
_c[1971]
300 _axvii, 445 p.:
_c25 cm.
440 4 _aThe Intext series in basic mathematics
_9102507
505 _aIntroduction (Page-1), Algebra as a Language and a tool (Page-17), Type Products and Factoring (Page-39), Fractions (Page-51), Linear Equations in one Unknown (Page-73), Functions, Relations and Their Graphs (Page-107), Simultaneous Linear Equations (Page-130), Matrix Algebra Determinants and Systems of Equations (Page-148), Exponents and Radicals (Page-183), The Number System (Page-210), Quadratic Equations (Page-222), Special Equations in one Unknown (Page-247), Simultaneous Equations (Page-266), Absolute Values and Inequalities (Page-282), Ratios, Proportions, and Variations (Page-313), Progressions (Page-326), Introduction to Logic (Page-347), Mathematical Induction the Binomial Theorem (Page-356), Logarithmic and Exponential Functions (Page-374).
650 0 _aAlgebra.
_98509
700 1 _aBeyer, William H.,
_9102508
942 _2ddc
_cBK
_k512.1,SEL
999 _c182080
_d182080